Aknarobbantás a Dunán
Elmentve itt :
| Szerző: | |
|---|---|
| Dokumentumtípus: | Cikk |
| Megjelent: |
1948
|
| Sorozat: | Honvéd : katonai folyóirat
3 No. 4 |
| Kulcsszavak: | Hadtudomány |
| Online Access: | http://misc.bibl.u-szeged.hu/14330 |
| LEADER | 00545nab a2200169 i 4500 | ||
|---|---|---|---|
| 001 | misc14330 | ||
| 005 | 20191106141754.0 | ||
| 008 | 170607s1948 hu o 0|| hun d | ||
| 040 | |a SZTE Miscellanea Repozitórium |b hun | ||
| 041 | |a hun | ||
| 100 | 1 | |a Bognár Jenő | |
| 245 | 1 | 0 | |a Aknarobbantás a Dunán |h [elektronikus dokumentum] / |c Bognár Jenő |
| 260 | |c 1948 | ||
| 300 | |a 31-34 | ||
| 490 | 0 | |a Honvéd : katonai folyóirat |v 3 No. 4 | |
| 695 | |a Hadtudomány | ||
| 856 | 4 | 0 | |u http://misc.bibl.u-szeged.hu/14330/1/honved_003_004_031-034.pdf |z Dokumentum-elérés |